| 000 | 00814nam a2200217 i 4500 | ||
|---|---|---|---|
| 001 | 180309 | ||
| 003 | ES-MaACL | ||
| 005 | 20250822034829.0 | ||
| 008 | 120528m18831893sp |||| | spa d | ||
| 100 | 1 |
_aGonzález Serrano, U., _d1848-1904 _958968 |
|
| 245 | 1 | 0 |
_aManual de psicología, lógica y ética : _bpara su estudio elemental en los institutos de segunda enseñanza / _cpor Urbano González Serrano. |
| 250 | _a2ª ed. | ||
| 260 |
_aMadrid : _bLibrería de Victoriano Suárez, _c1883-1893. |
||
| 300 |
_a3 v. ; _c20 cm. |
||
| 505 | 8 | _aContiene: 1. Psicología - 2. Lógica - 3. Ética o filosofía moral | |
| 650 | 0 | 7 |
_aPsicología- _xEstudio y enseñanza- _zEspaña _2 _9172452 |
| 650 | 4 |
_aLógica. _914693 |
|
| 650 | 7 |
_aÉtica _2embne _912577 |
|
| 852 |
_aES-MaACL _jF-8741-43 |
||
| 999 |
_c180309 _d180309 |
||